[Event "Bugojno"]
[Site "Bugojno"]
[Date "1984.??.??"]
[Round "?"]
[White "Ljubojevic, Ljubomir"]
[Black "Kovacevic, Vlatko"]
[Result "1/2-1/2"]
[WhiteElo "2635"]
[BlackElo "2555"]

1.e4 e5 2.Nf3 Nf6 3.Nxe5 d6 4.Nf3 Nxe4 5.d4 d5 6.Bd3 Be7 7.O-O Nc6 8.Re1 Bg4
9.c4 Nf6 10.cxd5 Nxd5 11.Nc3 O-O 12.Be4 Be6 13.a3 Bf6 14.Na4 Bg4 15.h3 Bxf3
16.Qxf3 Re8 17.Bd2 Nde7 18.d5 Ne5 19.Qb3 Nc8 20.Rac1 Nd6 21.Bb1 b5 22.Nc3 Nec4
23.Bf4 Qd7 24.Bd3 a6 25.a4 Rxe1+ 26.Rxe1 Re8 27.Rc1 Rb8 28.axb5 axb5 29.Qc2 g6
30.b3 Ne5 31.Ne4 Nxe4 32.Bxe4 Rc8 33.Bg3 Qe7 34.Qc5 Qxc5 35.Rxc5 Be7 36.d6 Bxd6
37.Rxe5 Bxe5 38.Bxe5 c5 39.Kf1 h5 40.f4 c4 41.Bb7 Rd8 42.bxc4 bxc4 43.Ke2 f5
44.Ba6 Kh7 45.Bxc4 Rd7 46.Ke3 Rd8 47.Be2 Rd7 48.Bf3 Rd8 49.Bd4 Rd7 50.Kd3 Rc7
51.Be5 Ra7 52.Kc4 Ra5 53.Kb4 Ra2 54.Kc5 Rd2 55.Bd5 Rd1 56.Kd6 Rd3 57.Ke6 Rd2
58.Bf3 Ra2 59.Kf7 Ra7+ 60.Kf8 Rd7 61.Ke8 Ra7 62.Kf8 Rd7 63.Bc6 Rd2 64.Kf7 Ra2
65.h4 Ra6 66.Bf3 Ra7+ 67.Kf8 Rd7 68.Be2 Ra7 69.Bb5 Ra8+ 70.Ke7 Kh6 71.Bd4 Kh7
72.Be8 Kh6 73.Bc6 Rc8 74.Bd5 Rc7+ 75.Kf6 Rd7 76.Ke6 Rd8 77.Be5 Rc8 78.Kf7 Rd8
79.Bc6 Rc8 80.Bb7 Rd8 81.Ke7 Rd2 82.Bc6 Rc2 83.Bd5 Rc8  1/2-1/2